Statistics for SUM the numbers if you can.

Click here to take the quiz!

General Stats

  • This quiz has been taken 67 times
  • The average score is 13 of 20

Answer Stats

HintAnswer% Correct
836
96%
621
87%
728
85%
945
83%
1166
77%
14105
75%
16136
73%
18171
71%
25325
69%
22253
67%
24300
65%
21231
63%
1005050
63%
40820
60%
32528
54%
44990
52%
501275
50%
38741
44%
702485
40%
883916
31%

Score Distribution

Percentile by Number Answered

Percent of People with Each Score

Your Score History

You have not taken this quiz